000
00311cam a22001217a 4500
008
180718b1965 xxu||||| |||| 00| 0 eng d
082
_a
A99 Z92
100
_a
Zweig, Ferdynand
245
_a
Quest for fellowship
_c
by Ferdynand Zweig
260
_a
London
_b
Heinemann
_c
1965
300
_a
296p
650
_a
Sociology.
999
_c
416181
_d
416181